[Event "Maldonado IM 3rd"]
[Site "Maldonado"]
[Date "2023.12.07"]
[Round "5"]
[White "Ibarra, Juan Martin"]
[Black "Cantero, Rodolfo"]
[Result "1/2-1/2"]
[WhiteElo "2247"]
[BlackElo "2115"]
[PlyCount "105"]
[EventDate "2023.12.04"]
[EventType "tourn"]
[EventRounds "9"]
[EventCountry "URU"]
[EventCategory "1"]
[SourceTitle "CB50_2023"]
[SourceDate "2023.12.13"]
[SourceVersion "1"]
[SourceVersionDate "2023.12.13"]
[SourceQuality "1"]

1. e4 e5 2. Nf3 Nc6 3. Nc3 Nf6 4. d4 exd4 5. Nxd4 Bb4 6. Nxc6 bxc6 7. Bd3 0-0 8. 0-0 Re8 9. Qf3 Bd6 10. Bf4 Bxf4 11. Qxf4 d6 12. Rad1 Ng4 13. Rfe1 Qf6 14. Qxf6 Nxf6 15. Bc4 Nd7 16. f3 Kf8 17. Kf2 a5 18. Na4 Ne5 19. Bf1 Bd7 20. f4 Ng6 21. g3 f6 22. h4 Bg4 23. Rd2 Re7 24. Be2 Bd7 25. h5 Nh8 26. Bf3 Nf7 27. Red1 Nh6 28. Rd3 Rb8 29. b3 Ng4+ 30. Kg1 Rb5 31. c4 Rxh5 32. c5 d5 33. exd5 cxd5 34. c6 Bf5 35. Nc5 Bxd3 36. Bxg4 Be2 37. Nd7+ Kf7 38. Bxh5+ Bxh5 39. Rxd5 Bf3 40. Rxa5 Bxc6 41. Nb8 Bf3 42. Kf2 Bg4 43. Ra7 g5 44. Nc6 Re2+ 45. Kg1 gxf4 46. gxf4 Kg6 47. a4 h5 48. Rxc7 h4 49. Ne7+ Kh6 50. Ng8+ Kg6 51. Ne7+ Kh6 52. Ng8+ Kg6 53. Ne7+ 1/2-1/2

[Event "Maldonado IM 3rd"]
[Site "Maldonado"]
[Date "2023.12.05"]
[Round "2"]
[White "Cantero, Rodolfo"]
[Black "Guerrero, Alvaro"]
[Result "1-0"]
[WhiteElo "2115"]
[BlackElo "2023"]
[PlyCount "63"]
[EventDate "2023.12.04"]
[EventType "tourn"]
[EventRounds "9"]
[EventCountry "URU"]
[EventCategory "1"]
[SourceTitle "CB50_2023"]
[SourceDate "2023.12.13"]
[SourceVersion "1"]
[SourceVersionDate "2023.12.13"]
[SourceQuality "1"]

1. e4 c6 2. d4 d5 3. Nd2 dxe4 4. Nxe4 Bf5 5. Ng3 Bg6 6. h4 h6 7. Nf3 Nd7 8. h5 Bh7 9. Bd3 Bxd3 10. Qxd3 e6 11. Bd2 Ngf6 12. 0-0-0 Qc7 13. Qe2 0-0-0 14. Ne5 Nb6 15. Ba5 Rd5 16. Bxb6 axb6 17. c4 Ra5 18. Kb1 Bd6 19. f4 Rd8 20. Rhf1 Kb8 21. Qf3 c5 22. dxc5 bxc5 23. Ne2 Ra6 24. Nc3 Qe7 25. Nb5 Ne8 26. Rd3 Bxe5 27. Rxd8+ Qxd8 28. fxe5 f6 29. Rd1 Qe7 30. exf6 Nxf6 31. Qg3+ e5 32. Qxe5+ 1-0

[Event "Maldonado IM 3rd"]
[Site "Maldonado"]
[Date "2023.12.05"]
[Round "3"]
[White "Coppola, Claudio"]
[Black "Cantero, Rodolfo"]
[Result "1-0"]
[WhiteElo "2272"]
[BlackElo "2115"]
[PlyCount "145"]
[EventDate "2023.12.04"]
[EventType "tourn"]
[EventRounds "9"]
[EventCountry "URU"]
[EventCategory "1"]
[SourceTitle "CB50_2023"]
[SourceDate "2023.12.13"]
[SourceVersion "1"]
[SourceVersionDate "2023.12.13"]
[SourceQuality "1"]

1. d4 Nf6 2. Nc3 d5 3. Bf4 c5 4. e4 Nxe4 5. Nxe4 dxe4 6. dxc5 Qa5+ 7. c3 Qxc5 8. Qa4+ Nc6 9. Qxe4 g6 10. Be3 Qf5 11. Qxf5 Bxf5 12. Bb5 Bg7 13. Bxc6+ bxc6 14. Ne2 0-0 15. 0-0-0 e5 16. b3 a5 17. Ng3 Be6 18. Ne4 a4 19. Nc5 axb3 20. axb3 Bd5 21. Rhg1 Ra1+ 22. Kb2 Rxd1 23. Rxd1 Bxg2 24. Rd7 Re8 25. Nb7 Bd5 26. Nd6 Rb8 27. c4 Be6 28. Rc7 Bf8 29. Rxc6 Bxd6 30. Rxd6 Bxc4 31. Bb6 Be6 32. b4 Rc8 33. Be3 Rc4 34. Ka3 Rh4 35. b5 Bf5 36. Bg5 Rd4 37. Rxd4 exd4 38. b6 Be4 39. Kb4 Kg7 40. Kc5 d3 41. Kd6 f6 42. Be3 g5 43. Kc7 Kg6 44. b7 Bxb7 45. Kxb7 Kf5 46. Kc6 Ke4 47. Kc5 f5 48. Kc4 f4 49. Bc1 h5 50. Kc3 h4 51. Kd2 g4 52. Ke1 Kf3 53. Kf1 Ke4 54. Kg2 f3+ 55. Kf1 Kd4 56. Ke1 Kc3 57. Bd2+ Kb3 58. Bf4 Kc2 59. Bg5 h3 60. Bf4 Kc3 61. Kd1 Kc4 62. Kd2 Kd4 63. Bb8 Kc4 64. Ba7 Kd5 65. Kxd3 Ke5 66. Bb8+ Kf5 67. Ke3 Kg5 68. Ke4 Kh5 69. Kf5 Kh4 70. Bf4 Kh5 71. Bg5 g3 72. hxg3 h2 73. g4# 1-0

[Event "PAR-ch sf"]
[Site "Asuncion"]
[Date "2023.10.28"]
[Round "2"]
[White "Cantero, Rodolfo"]
[Black "Bergonzi, Osvaldo"]
[Result "1/2-1/2"]
[WhiteElo "2079"]
[BlackElo "1881"]
[PlyCount "99"]
[EventDate "2023.10.27"]
[EventType "swiss"]
[EventRounds "9"]
[EventCountry "PAR"]
[SourceTitle "CB48_2023"]
[SourceDate "2023.11.29"]
[SourceVersion "1"]
[SourceVersionDate "2023.11.29"]
[SourceQuality "1"]

1. e4 d6 2. d4 Nf6 3. Nc3 g6 4. Nf3 Bg7 5. Be2 0-0 6. 0-0 e5 7. Re1 Nbd7 8. Bf1 c6 9. a4 a5 10. Be3 Re8 11. dxe5 Nxe5 12. Nxe5 dxe5 13. Qxd8 Rxd8 14. Bb6 Re8 15. Rad1 Bf8 16. Rd2 Bb4 17. Bc4 Nd7 18. Be3 Nc5 19. Bxc5 Bxc5 20. Kf1 Be6 21. Bxe6 Rxe6 22. Rd7 Re7 23. Red1 Rae8 24. Ne2 f6 25. Nc1 Bd4 26. Rxe7 Rxe7 27. c3 Bb6 28. Ke2 Kf7 29. Nd3 Ke6 30. f3 Rf7 31. b4 axb4 32. cxb4 Rf8 33. a5 Bd4 34. Nc5+ Bxc5 35. bxc5 Ra8 36. Ra1 f5 37. Kd3 h5 38. Kc3 h4 39. Kb4 fxe4 40. fxe4 Rd8 41. a6 Rd4+ 42. Kc3 bxa6 43. Rxa6 Rxe4 44. Rxc6+ Kd5 45. Rxg6 Kxc5 46. Kd3 Ra4 47. h3 Kd5 48. Ke3 Re4+ 49. Kf3 Rf4+ 50. Ke3 1/2-1/2

[Event "Asuncion zt 2.5"]
[Site "Asuncion"]
[Date "2023.03.06"]
[Round "2"]
[White "Cantero, Rodolfo"]
[Black "Larrea, Manuel"]
[Result "0-1"]
[WhiteElo "2083"]
[BlackElo "2323"]
[PlyCount "108"]
[EventDate "2023.03.05"]
[EventType "swiss"]
[EventRounds "9"]
[EventCountry "PAR"]
[SourceTitle "CBM 213 Extra"]
[Source "ChessBase"]
[SourceDate "2023.05.31"]
[SourceVersion "1"]
[SourceVersionDate "2023.05.31"]
[SourceQuality "1"]

1. e4 c5 2. Nf3 Nc6 3. Nc3 e5 4. Bc4 Be7 5. d3 d6 6. 0-0 Nf6 7. Ng5 0-0 8. f4 Bg4 9. Nf3 exf4 10. Bxf4 Nh5 11. Be3 Ne5 12. Nxe5 Bxd1 13. Nxf7 Rxf7 14. Bxf7+ Kh8 15. Raxd1 Nf6 16. h3 Qb6 17. Bb3 Rf8 18. Rf2 Qd8 19. Rdf1 h6 20. Ne2 g5 21. Ng3 Nd7 22. Nf5 Rf6 23. h4 gxh4 24. Bxh6 Rg6 25. Bf7 Rxh6 26. Nxh6 Bg5 27. Ng4 Ne5 28. Bd5 Kg7 29. Nxe5 dxe5 30. Rf7+ Kg6 31. Rxb7 Bf4 32. Rf3 Qa5 33. c3 Qa6 34. Rc7 Qa5 35. Rc6+ Kg7 36. Bb3 a6 37. Kf2 Qb5 38. Rc7+ Kh6 39. Ke2 a5 40. Ra7 c4 41. dxc4 Qb6 42. Rf7 Qg1 43. R7xf4 exf4 44. Rf2 Qc1 45. c5 Qxb2+ 46. Kf1 Qc1+ 47. Ke2 Kg5 48. Bd5 Qe3+ 49. Kf1 Qxc5 50. c4 Qd4 51. Re2 h3 52. e5 Qd1+ 53. Kf2 h2 54. g3 Qg1+ 0-1

[Event "Florianopolis op 9th"]
[Site "Florianopolis"]
[Date "2023.01.29"]
[Round "10"]
[White "Eger, Laura Luisa"]
[Black "Cantero, Rodolfo"]
[Result "0-1"]
[WhiteElo "1800"]
[BlackElo "2070"]
[PlyCount "80"]
[EventDate "2023.01.23"]
[EventType "swiss"]
[EventRounds "10"]
[EventCountry "BRA"]
[SourceTitle "CBM 212 Extra"]
[Source "ChessBase"]
[SourceDate "2023.03.31"]
[SourceVersion "1"]
[SourceVersionDate "2023.03.31"]
[SourceQuality "1"]

1. e4 e5 2. Nf3 Nc6 3. Bc4 Be7 4. 0-0 Nf6 5. d3 0-0 6. Re1 d6 7. a4 Be6 8. Nbd2 Qd7 9. c3 Rfe8 10. Bxe6 Qxe6 11. Nc4 Nxe4 12. Ncxe5 dxe5 13. dxe4 Na5 14. Be3 Nb3 15. Rb1 f6 16. Nd2 Nc5 17. Bxc5 Bxc5 18. Qb3 Rad8 19. Rbd1 Bxf2+ 20. Kf1 Bxe1 21. Kxe1 Qxb3 22. Nxb3 Rxd1+ 23. Kxd1 Kf7 24. Ke2 g6 25. Nc5 f5 26. exf5 gxf5 27. b3 b6 28. Nd3 Ke6 29. g3 Rf8 30. Ke3 Rf6 31. Ne1 Rh6 32. Nf3 Kf6 33. h4 Rg6 34. Kf2 Rg4 35. Nh2 Rg8 36. Nf1 Rd8 37. Ke2 e4 38. Ne3 Rd3 39. b4 Ke5 40. Nd1 Rxg3 0-1

[Event "Florianopolis op 9th"]
[Site "Florianopolis"]
[Date "2023.01.28"]
[Round "8"]
[White "Machado, Leonardo Ribeiro"]
[Black "Cantero, Rodolfo"]
[Result "0-1"]
[WhiteElo "1807"]
[BlackElo "2070"]
[PlyCount "90"]
[EventDate "2023.01.23"]
[EventType "swiss"]
[EventRounds "10"]
[EventCountry "BRA"]
[SourceTitle "CBM 212 Extra"]
[Source "ChessBase"]
[SourceDate "2023.03.31"]
[SourceVersion "1"]
[SourceVersionDate "2023.03.31"]
[SourceQuality "1"]

1. e4 e5 2. Nf3 Nc6 3. Bb5 a6 4. Ba4 Nf6 5. 0-0 Be7 6. Re1 b5 7. Bb3 d6 8. c3 0-0 9. d4 Bg4 10. d5 Na5 11. Bc2 Qc8 12. h3 Bd7 13. Nbd2 c6 14. dxc6 Qxc6 15. Nf1 Nc4 16. Ng3 Rfe8 17. a4 Nb6 18. axb5 axb5 19. Rxa8 Rxa8 20. Bb3 Ra1 21. Qe2 Nc4 22. Bg5 Rxe1+ 23. Nxe1 h6 24. Bc1 Be6 25. Nd3 Nd7 26. Nb4 Qa8 27. Nd5 Bxd5 28. exd5 Qa1 29. Bxc4 bxc4 30. Qf1 Nc5 31. Nf5 Bf8 32. Be3 Qxf1+ 33. Kxf1 Nd3 34. Bb6 g6 35. Ne3 Nxb2 36. Ke2 f5 37. Kd2 f4 38. Ng4 Kf7 39. f3 Nd3 40. Nh2 Kf6 41. Nf1 Kg5 42. Ke2 e4 43. Bd8+ Kf5 44. Nd2 Ke5 45. Nxe4 Kxd5 0-1

[Event "Florianopolis op 9th"]
[Site "Florianopolis"]
[Date "2023.01.26"]
[Round "5"]
[White "Cantero, Rodolfo"]
[Black "Weise, William Ferreira"]
[Result "1-0"]
[WhiteElo "2070"]
[BlackElo "1856"]
[PlyCount "37"]
[EventDate "2023.01.23"]
[EventType "swiss"]
[EventRounds "10"]
[EventCountry "BRA"]
[SourceTitle "CBM 212 Extra"]
[Source "ChessBase"]
[SourceDate "2023.03.31"]
[SourceVersion "1"]
[SourceVersionDate "2023.03.31"]
[SourceQuality "1"]

1. e4 c5 2. Nf3 e6 3. d4 cxd4 4. Nxd4 a6 5. Bd3 Bc5 6. Be3 Nf6 7. Nxe6 Bb4+ 8. c3 Bxc3+ 9. Nxc3 dxe6 10. 0-0 Nc6 11. f4 e5 12. f5 0-0 13. Rf3 Ng4 14. Bc5 Re8 15. Rg3 h5 16. h3 Qh4 17. Qe1 g5 18. hxg4 hxg4 19. Nd5 1-0

[Event "Florianopolis op 9th"]
[Site "Florianopolis"]
[Date "2023.01.25"]
[Round "4"]
[White "Dos Santos, Dwlyan Silva"]
[Black "Cantero, Rodolfo"]
[Result "0-1"]
[WhiteElo "1810"]
[BlackElo "2070"]
[PlyCount "72"]
[EventDate "2023.01.23"]
[EventType "swiss"]
[EventRounds "10"]
[EventCountry "BRA"]
[SourceTitle "CBM 212 Extra"]
[Source "ChessBase"]
[SourceDate "2023.03.31"]
[SourceVersion "1"]
[SourceVersionDate "2023.03.31"]
[SourceQuality "1"]

1. e4 e5 2. Nf3 Nc6 3. Bc4 Nf6 4. d3 Be7 5. c3 0-0 6. 0-0 d5 7. exd5 Nxd5 8. Bb3 Bg4 9. Qe2 Kh8 10. Qe4 Be6 11. Nxe5 Nxe5 12. Qxe5 Bd6 13. Qh5 a5 14. Bxd5 Bxd5 15. Nd2 f5 16. Nf3 Ra6 17. d4 c5 18. Be3 c4 19. Ne5 Bxe5 20. dxe5 f4 21. Bc5 Rh6 22. Qd1 Qh4 23. f3 Qxh2+ 24. Kf2 Qg3+ 25. Ke2 Qxg2+ 26. Ke1 Qg3+ 27. Bf2 Qxf3 28. Qxf3 Bxf3 29. Bc5 Re8 30. Bd4 Bg2 31. Rxf4 Rh1+ 32. Kf2 Rxa1 33. Kxg2 Rxa2 34. Rf7 Rxb2+ 35. Kg3 Kg8 36. e6 Rxe6 0-1

[Event "Vicente Lopez ProAm 100 Years op"]
[Site "Buenos Aires"]
[Date "2022.10.12"]
[Round "2"]
[White "Perez, Dalila"]
[Black "Cantero, Rodolfo"]
[Result "0-1"]
[WhiteElo "1748"]
[BlackElo "2062"]
[PlyCount "118"]
[EventDate "2022.10.11"]
[EventType "swiss"]
[EventRounds "9"]
[EventCountry "ARG"]
[SourceTitle "CBM 210 Extra"]
[Source "ChessBase"]
[SourceDate "2022.11.30"]
[SourceVersion "1"]
[SourceVersionDate "2022.11.30"]
[SourceQuality "1"]

1. d4 Nf6 2. Nf3 e6 3. e3 d5 4. Bd3 Bd6 5. 0-0 0-0 6. Nbd2 c5 7. b3 Nc6 8. Bb2 b6 9. Ne5 Bb7 10. f4 Rc8 11. a3 Ne7 12. Rf3 c4 13. bxc4 dxc4 14. Nexc4 Bxf3 15. Qxf3 b5 16. Nxd6 Qxd6 17. Qh3 Ned5 18. g4 g6 19. Rf1 Nc3 20. Nf3 a5 21. Ng5 b4 22. axb4 axb4 23. Qh4 Kg7 24. f5 h6 25. Bxc3 bxc3 26. Ne4 Nxe4 27. f6+ Nxf6 28. Qxf6+ Kh7 29. Rf3 Qd8 30. Qe5 Qd5 31. Qg3 Kg7 32. h4 Rce8 33. Qf4 e5 34. Qf6+ Kh7 35. dxe5 Qd8 36. h5 Qxf6 37. Rxf6 Rxe5 38. hxg6+ Kg7 39. Rc6 Rxe3 40. gxf7 Rg3+ 41. Kh2 Rxg4 42. Rxc3 Rxf7 43. Rc5 Rd7 44. Rb5 Rd6 45. Rf5 Rdd4 46. Rf3 h5 47. Rf1 Kh6 48. Rf5 Rg8 49. Kh3 Rd6 50. Rf7 Kg5 51. Rf5+ Kh6 52. Rf7 Re6 53. Rf5 Re3+ 54. Kh2 Rg4 55. Rd5 h4 56. c4 h3 57. Bf1 Rf4 58. Rd1 Rf2+ 59. Kg1 Rc2 0-1

[Event "PAR-ch sf"]
[Site "Asuncion"]
[Date "2022.06.12"]
[Round "7"]
[White "Cantero, Rodolfo"]
[Black "Gonzalez, Augusto"]
[Result "1/2-1/2"]
[WhiteElo "2062"]
[BlackElo "1716"]
[PlyCount "94"]
[EventDate "2022.06.10"]
[EventType "swiss"]
[EventRounds "7"]
[EventCountry "PAR"]
[SourceTitle "EXT 2024"]
[Source "ChessBase"]
[SourceDate "2023.10.10"]
[SourceVersion "1"]
[SourceVersionDate "2023.10.10"]
[SourceQuality "1"]

1. e4 e5 2. Nf3 Nf6 3. Nxe5 d6 4. Nf3 Nxe4 5. d4 d5 6. Bd3 Nc6 7. 0-0 Be7 8. c4 Nb4 9. Be2 0-0 10. a3 Nc6 11. Nc3 Nxc3 12. bxc3 dxc4 13. Bxc4 Bg4 14. Qd3 Bh5 15. Qf5 Bg6 16. Qb5 Rb8 17. Be3 a6 18. Qb2 Bd6 19. Rfe1 Qf6 20. Qd2 h6 21. Bd3 Bh5 22. Ng5 Bg6 23. Ne4 Bxe4 24. Bxe4 Qh4 25. f4 Rbe8 26. g3 Qg4 27. Qg2 f5 28. Bf3 Qg6 29. Bxc6 bxc6 30. Qxc6 Rf6 31. Qf3 Qf7 32. d5 Re4 33. Red1 Qe7 34. Kf2 Bc5 35. Bxc5 Qxc5+ 36. Kg2 Rd6 37. Qf2 Rxd5 38. Qxc5 Rxc5 39. Rd3 Re2+ 40. Kh3 Rc2 41. Re1 R5xc3 42. Rd7 Rxa3 43. Ree7 Raa2 44. Rxg7+ Kh8 45. Rh7+ Kg8 46. Rdg7+ Kf8 47. Rf7+ Kg8 1/2-1/2

[Event "PAR-ch sf"]
[Site "Asuncion"]
[Date "2022.06.11"]
[Round "3"]
[White "Cantero, Rodolfo"]
[Black "Melian, Juan Sebastian"]
[Result "1/2-1/2"]
[WhiteElo "2062"]
[BlackElo "2134"]
[PlyCount "79"]
[EventDate "2022.06.10"]
[EventType "swiss"]
[EventRounds "7"]
[EventCountry "PAR"]
[SourceTitle "EXT 2023"]
[Source "ChessBase"]
[SourceDate "2022.10.05"]
[SourceVersion "1"]
[SourceVersionDate "2022.10.05"]
[SourceQuality "1"]

1. e4 e5 2. Nf3 Nc6 3. Bc4 Bc5 4. c3 Nf6 5. d3 0-0 6. b4 Bd6 7. Nbd2 a6 8. a4 Be7 9. Qb3 d6 10. Nf1 Nb8 11. Ne3 c6 12. 0-0 Nbd7 13. Qa2 a5 14. Bb3 Nb6 15. b5 Bd7 16. c4 c5 17. Bd1 g6 18. Ne1 Ne8 19. g3 Bh3 20. N1g2 Ng7 21. f4 Ne6 22. f5 Nd4 23. Bb2 Bg5 24. Bxd4 exd4 25. Ng4 Bxg2 26. Kxg2 h5 27. Nf2 Nd7 28. Nh3 Ne5 29. Be2 Qe7 30. Nf4 Bxf4 31. gxf4 Nd7 32. Kh1 Qh4 33. Qd2 gxf5 34. Rg1+ Kh7 35. Rg5 Nf6 36. Rxf5 Rg8 37. Qe1 Qh3 38. Qf1 Qh4 39. Qe1 Qh3 40. Qf1 1/2-1/2

[Event "Asuncion Fernando Memorial"]
[Site "Asuncion"]
[Date "2021.08.28"]
[Round "2"]
[White "Ayala Ruiz, Miguel Angel"]
[Black "Cantero, Rodolfo"]
[Result "0-1"]
[WhiteElo "1603"]
[BlackElo "2046"]
[PlyCount "68"]
[EventDate "2021.08.27"]
[EventType "swiss"]
[EventRounds "7"]
[EventCountry "PAR"]
[SourceTitle "EXT 2022"]
[Source "ChessBase"]
[SourceDate "2021.10.06"]
[SourceVersion "1"]
[SourceVersionDate "2021.10.06"]
[SourceQuality "1"]

1. e4 e5 2. Nf3 Nc6 3. Bc4 Nf6 4. d3 Be7 5. c3 0-0 6. 0-0 d5 7. exd5 Nxd5 8. Re1 Bg4 9. h3 Bh5 10. g4 Bg6 11. Nxe5 Nxe5 12. Rxe5 Nb6 13. Re1 Bc5 14. Bf4 Qf6 15. Be3 Nxc4 16. dxc4 Rad8 17. Nd2 Bxe3 18. Rxe3 Qd6 19. Re2 f5 20. Qe1 Qf4 21. f3 fxg4 22. hxg4 h5 23. Rg2 hxg4 24. Qe6+ Rf7 25. Qxg4 Qe3+ 26. Kh1 Bf5 27. Qh4 Rxd2 28. Re1 Qxf3 29. Re8+ Rf8 30. Rxf8+ Kxf8 31. Qh8+ Ke7 32. Qxg7+ Ke8 33. Qh8+ Kd7 34. Qg7+ Kc8 0-1

[Event "Asuncion Fernando Memorial"]
[Site "Asuncion"]
[Date "2021.08.28"]
[Round "4"]
[White "Cantero, Rodolfo"]
[Black "Mayeregger, Arnold"]
[Result "1/2-1/2"]
[WhiteElo "2046"]
[BlackElo "2122"]
[PlyCount "98"]
[EventDate "2021.08.27"]
[EventType "swiss"]
[EventRounds "7"]
[EventCountry "PAR"]
[SourceTitle "EXT 2022"]
[Source "ChessBase"]
[SourceDate "2021.10.06"]
[SourceVersion "1"]
[SourceVersionDate "2021.10.06"]
[SourceQuality "1"]

1. e4 e5 2. Nf3 Nc6 3. Bc4 Nf6 4. d3 h6 5. 0-0 d6 6. c3 g5 7. Re1 Bg7 8. Na3 0-0 9. Nc2 Na5 10. Ne3 Nxc4 11. Nxc4 g4 12. Nfd2 Nh5 13. Ne3 Nf4 14. Ndf1 Be6 15. Ng3 Qg5 16. Ngf5 h5 17. g3 Nh3+ 18. Kg2 Qf6 19. Nxg4 hxg4 20. Qxg4 Nxf2 21. Kxf2 Rfe8 22. h4 Qg6 23. Qf3 f6 24. h5 Qh7 25. Rh1 d5 26. Be3 Rad8 27. g4 dxe4 28. dxe4 Rd3 29. Rad1 Rxd1 30. Rxd1 Bf8 31. b3 a5 32. Rg1 Bf7 33. Rh1 Be6 34. Rg1 Bf7 35. Qe2 a4 36. bxa4 Re6 37. Qb5 b6 38. Qd7 Bc5 39. Bxc5 bxc5 40. Qxc7 Kh8 41. Rd1 Qg8 42. Rd8 Be8 43. Kf3 Qg5 44. Qc8 Qf4+ 45. Ke2 Qxg4+ 46. Kd2 Qg2+ 47. Kc1 Qf1+ 48. Rd1 Qc4 49. Kc2 Qe2+ 1/2-1/2

[Event "Villarrica op 1st"]
[Site "Villarrica"]
[Date "2021.03.01"]
[Round "6"]
[White "Ayala Ruiz, Miguel Angel"]
[Black "Cantero, Rodolfo"]
[Result "1/2-1/2"]
[WhiteElo "1493"]
[BlackElo "2085"]
[PlyCount "37"]
[EventDate "2021.02.27"]
[EventType "swiss"]
[EventRounds "7"]
[EventCountry "PAR"]
[SourceTitle "EXT 2022"]
[Source "ChessBase"]
[SourceDate "2021.10.06"]
[SourceVersion "1"]
[SourceVersionDate "2021.10.06"]
[SourceQuality "1"]

1. e4 c5 2. Nf3 Nc6 3. d4 cxd4 4. Nxd4 e5 5. Nb5 d6 6. N1c3 a6 7. Na3 f5 8. Be2 Nf6 9. Bg5 Be7 10. Bxf6 Bxf6 11. Nd5 0-0 12. c3 Kh8 13. 0-0 fxe4 14. Nc2 Bf5 15. Nce3 Bg6 16. Bh5 Qe8 17. Bxg6 Qxg6 18. Qe2 Nd8 19. Nb6 1/2-1/2

[Event "PAR-ch sf"]
[Site "Asuncion"]
[Date "2020.03.08"]
[Round "7"]
[White "Jodorcovsky, Alejandro David"]
[Black "Cantero, Rodolfo"]
[Result "0-1"]
[WhiteElo "1716"]
[BlackElo "2114"]
[PlyCount "40"]
[EventDate "2020.03.06"]
[EventType "swiss"]
[EventRounds "7"]
[EventCountry "PAR"]
[SourceTitle "CBM 195 Extra"]
[Source "ChessBase"]
[SourceDate "2020.05.31"]
[SourceVersion "1"]
[SourceVersionDate "2020.05.31"]
[SourceQuality "1"]

1. e4 e5 2. Nf3 Nc6 3. Bc4 Nf6 4. d3 Be7 5. 0-0 0-0 6. Nc3 d6 7. a3 Be6 8. Nd5 Qd7 9. h3 Kh8 10. Qe1 Bxh3 11. gxh3 Qxh3 12. Ng5 Qg4+ 13. Kh2 Nxd5 14. exd5 Nd4 15. Qe4 Qh5+ 16. Nh3 f5 17. Qg2 Rf6 18. f3 Rg6 19. Qf2 Bh4 20. Qe3 Bg3+ 0-1

[Event "PAR-ch sf"]
[Site "Asuncion"]
[Date "2020.03.06"]
[Round "1"]
[White "Nunez, Pablo"]
[Black "Cantero, Rodolfo"]
[Result "1/2-1/2"]
[WhiteElo "1406"]
[BlackElo "2114"]
[PlyCount "94"]
[EventDate "2020.03.06"]
[EventType "swiss"]
[EventRounds "7"]
[EventCountry "PAR"]
[SourceTitle "CBM 195 Extra"]
[Source "ChessBase"]
[SourceDate "2020.05.31"]
[SourceVersion "1"]
[SourceVersionDate "2020.05.31"]
[SourceQuality "1"]

1. c4 c5 2. d3 Nc6 3. Nf3 g6 4. g3 Bg7 5. Bg2 d6 6. 0-0 e5 7. Nc3 Nge7 8. Ne1 Be6 9. e4 0-0 10. Nc2 f5 11. f4 Qd7 12. Rb1 a5 13. Ne3 Nd4 14. Ned5 Rae8 15. Be3 fxe4 16. dxe4 exf4 17. Bxf4 Nec6 18. Nb6 Qd8 19. Nbd5 Ne5 20. b3 Bg4 21. Qc1 Nd3 22. Qd2 Nxf4 23. gxf4 Qh4 24. Qf2 Nf5 25. Qxh4 Nxh4 26. h3 Be6 27. Rbe1 Bxd5 28. Nxd5 Nxg2 29. Kxg2 a4 30. Rf3 axb3 31. Rxb3 Rf7 32. Rb6 Rd7 33. a3 Ra8 34. Rb3 Rf7 35. e5 dxe5 36. fxe5 b5 37. e6 Rfa7 38. e7 Re8 39. Rxb5 Kf7 40. Rxc5 Rxa3 41. Rf1+ Kg8 42. Rc7 Ra4 43. Rd7 Rxc4 44. Nc7 Rc2+ 45. Kh1 Rxc7 46. Rxc7 Be5 47. Rd7 Kg7 1/2-1/2

[Event "PAR-ch"]
[Site "Asuncion"]
[Date "2019.11.21"]
[Round "4"]
[White "Cantero, Rodolfo"]
[Black "Bachmann, Axel"]
[Result "0-1"]
[WhiteElo "2123"]
[BlackElo "2611"]
[PlyCount "108"]
[EventDate "2019.11.18"]
[EventType "tourn"]
[EventRounds "9"]
[EventCountry "PAR"]
[EventCategory "5"]
[SourceTitle "CBM 193 Extra"]
[Source "ChessBase"]
[SourceDate "2020.01.31"]
[SourceVersion "1"]
[SourceVersionDate "2020.01.31"]
[SourceQuality "1"]

1. e4 g6 2. d4 d6 3. Nc3 Nf6 4. h3 Bg7 5. Be3 c6 6. Nf3 0-0 7. Qd2 Nbd7 8. Bd3 e5 9. dxe5 dxe5 10. 0-0 Qe7 11. Ne2 Nc5 12. Ng3 Rd8 13. Qb4 Nfd7 14. a4 a5 15. Qa3 Bf8 16. Rfd1 Nxd3 17. Qxe7 Bxe7 18. Rxd3 Re8 19. Rad1 Nc5 20. Bxc5 Bxc5 21. Rd8 Be6 22. Rxa8 Rxa8 23. Nxe5 b5 24. Nxc6 bxa4 25. Ne2 Ra6 26. Ned4 Rb6 27. Nxe6 fxe6 28. Nxa5 Rxb2 29. Ra1 a3 30. Nc4 Rxc2 31. Nxa3 Rxf2 32. Kh1 Re2 33. Nc4 Rxe4 34. Nd2 Re2 35. Nf3 Bf2 36. Rd1 Bg3 37. Nd4 Re3 38. Nxe6 Rxe6 39. Rf1 Kg7 40. Kg1 g5 41. Kh1 h5 42. Kg1 Kg6 43. Rb1 Re1+ 44. Rxe1 Bxe1 45. Kh1 Kf5 46. Kh2 Kf4 47. Kg1 Ke3 48. Kh2 Ke2 49. Kg1 Bg3 50. Kh1 Kf2 51. h4 Bxh4 52. Kh2 Bg3+ 53. Kh1 Bf4 54. g4 Kf1 0-1

[Event "PAR-ch"]
[Site "Asuncion"]
[Date "2019.11.19"]
[Round "2"]
[White "Cantero, Rodolfo"]
[Black "Vazquez, Guillermo"]
[Result "0-1"]
[WhiteElo "2123"]
[BlackElo "2501"]
[PlyCount "80"]
[EventDate "2019.11.18"]
[EventType "tourn"]
[EventRounds "9"]
[EventCountry "PAR"]
[EventCategory "5"]
[SourceTitle "CBM 193 Extra"]
[Source "ChessBase"]
[SourceDate "2020.01.31"]
[SourceVersion "1"]
[SourceVersionDate "2020.01.31"]
[SourceQuality "1"]

1. e4 c5 2. Nc3 Nc6 3. f4 g6 4. Nf3 Bg7 5. Bb5 Nd4 6. 0-0 e6 7. d3 Ne7 8. e5 0-0 9. Nxd4 cxd4 10. Ne4 d5 11. exd6 Nf5 12. Qf3 Nxd6 13. Nxd6 Qxd6 14. Bc4 Rb8 15. h4 b5 16. Bb3 Bb7 17. Qh3 Bd5 18. h5 Rbc8 19. hxg6 hxg6 20. Rf2 Rc6 21. g4 f5 22. Bd2 Bxb3 23. axb3 a6 24. Rh2 Kf7 25. gxf5 exf5 26. c4 dxc3 27. bxc3 b4 28. Re1 bxc3 29. Bc1 Qd4+ 30. Kf1 Rh8 31. Qg3 Rxh2 32. Qxh2 Qxd3+ 33. Kg1 Bd4+ 34. Kh1 Qf3+ 35. Qg2 Qh5+ 36. Qh2 Re6 37. Rxe6 Kxe6 38. Qxh5 gxh5 39. Kg2 Kd5 40. Kf3 h4 0-1

[Event "Asuncion Campeones"]
[Site "Asuncion"]
[Date "2019.10.10"]
[Round "9"]
[White "Cantero, Rodolfo"]
[Black "Perez, Hernan"]
[Result "1/2-1/2"]
[WhiteElo "2124"]
[BlackElo "2135"]
[PlyCount "105"]
[EventDate "2019.10.03"]
[EventType "tourn"]
[EventRounds "9"]
[EventCountry "PAR"]
[SourceTitle "EXT 2020"]
[Source "ChessBase"]
[SourceDate "2019.10.17"]
[SourceVersion "1"]
[SourceVersionDate "2019.10.17"]
[SourceQuality "1"]

1. d4 Nf6 2. Bg5 d5 3. Bxf6 exf6 4. e3 Nd7 5. Nd2 Bd6 6. Bd3 g6 7. Qf3 c6 8. e4 dxe4 9. Nxe4 Be7 10. 0-0-0 f5 11. Ng3 Nf6 12. N1e2 Be6 13. Kb1 Bd5 14. Qf4 Ng4 15. Bxf5 gxf5 16. Nxf5 Nf6 17. Rhe1 Rg8 18. Neg3 Be6 19. Nxe7 Qxe7 20. Nf5 Qd7 21. Nd6+ Ke7 22. Nf5+ Kd8 23. Nd6 Nd5 24. Qh4+ Qe7 25. Nxf7+ Ke8 26. Ng5 Qxg5 27. Qxh7 Qe7 28. Qxe7+ Kxe7 29. c4 Rxg2 30. cxd5 cxd5 31. Re5 Rxf2 32. Rde1 Rf6 33. Rxd5 Kf7 34. Rb5 b6 35. a4 Bc4 36. Rbe5 Rf2 37. h4 Rf4 38. h5 Rxd4 39. Rf5+ Kg7 40. Re7+ Kh6 41. Rfe5 Bb3 42. Re1 Rad8 43. Rc7 Rd1+ 44. Rc1 Rxe1 45. Rxe1 Rd1+ 46. Rxd1 Bxd1 47. a5 b5 48. Kc1 Bxh5 49. Kc2 Kg6 50. Kc3 Kf6 51. a6 Ke5 52. Kb4 Be8 53. Ka5 1/2-1/2